| 000 | 00993nam a22001817a 4500 | ||
|---|---|---|---|
| 999 |
_c60856 _d60856 |
||
| 005 | 20231110150837.0 | ||
| 008 | 231110s1992 ru ||||| |||| 00| 0 rus d | ||
| 041 | _arus | ||
| 080 | _a902(395.31) Г-18 | ||
| 100 |
_aГамкрелидзе, Г.А. _920329 |
||
| 245 |
_aК археологии долины Фасиса (Риони) / _cГ.А. Гамкрелидзе; Ред. О.Д. Лордкипанидзе; Академия наук Грузии, Центр археологических исследований; Грузинское общество охраны памятников истории и культуры. |
||
| 264 |
_aТбилиси : _bМецниереба, _c1992. |
||
| 300 |
_a134 с. : _bил. ; _c20 см. |
||
| 521 | _aბიბლიოგრაფია: გვ.118-130. | ||
| 653 | _aსაქართველოს არქეოლოგია | ||
| 653 | _aფასისის (რიონის) ხეობა | ||
| 942 |
_2udc _cᲬᲘᲒᲜᲘ |
||